000 00312nam a22001457a 4500
008 221014b ||||| |||| 00| 0 eng d
020 _a9780874342635
041 _aeng
080 _a610.73
082 _a610.73
100 _a9
101 _aINF
245 _aGERIATIC CARE PLANS
_cNEWMAN D
942 _2udc
_cBK
999 _c58558
_d58558